000 00391cam a22001217a 4500
008 180718b1966 xxu||||| |||| 00| 0 eng d
082 _aA81x54 In2/61/Vol 1/Pt 6/MS-1
100 _aCensus of India 1961
245 _aWaromung (an Ao Naga village )
260 _aDelhi
_bThe Manager of Publications
_c1966
300 _a210+p.
440 _aCensus of India 1961. Volume 1, Monograph No.1. Part VI
999 _c483926
_d483926